Hrady, zámky a tvrze na Chebsku /

Hlavní autor: Úlovec, Jiří, 1957-
Jazyk: Čeština
Vydáno: Cheb : Chebské muzeum, 1998
Vydání: 1. vyd.
Témata:
Fyzický popis: 255 s., [32] s. obrazových příloh : il., mapy ; 24 cm
Knihy
Uloženo v:
LEADER 01168nam a2200361 a 4500
001 000285127
003 CZ BrMZK
005 20030213102802.0
007 ta
008 010907s1998 xr f cze d
015 |a cnb000361480 
020 |z 80-85010-11-X 
035 |a (OCoLC)84950301 
040 |a BOA001  |b cze 
043 |a e-xr---  |b e-xr-ka  |2 czenas 
080 |a 728.82  |2 MRF 
080 |a (437.318)  |2 MRF 
080 |a (048.8)  |2 MRF 
080 |a 728.81  |2 MRF 
100 1 |a Úlovec, Jiří,  |d 1957-  |7 jo20000068305  |4 aut 
245 1 0 |a Hrady, zámky a tvrze na Chebsku /  |c Jiří Úlovec 
250 |a 1. vyd. 
260 |a Cheb :  |b Chebské muzeum,  |c 1998 
300 |a 255 s., [32] s. obrazových příloh :  |b il., mapy ;  |c 24 cm 
500 |a Bibliogr. 
650 0 7 |a hrady  |7 ph120854  |z Česko  |2 czenas 
650 0 7 |a zámky  |7 ph127734  |z Česko  |2 czenas 
650 0 7 |a tvrze  |7 ph126812  |z Česko  |2 czenas 
651 7 |a Cheb-oblast (Česko)  |7 ge128921  |2 czenas 
655 7 |a přehledy  |7 fd133202  |2 czenas 
910 |a BOA001  |b 2-1042.010 
990 |a BK 
996 6 |b 2610065739  |c 2-1042.010  |l MZK  |r Sklad / do 1 hodiny  |n 11  |p p.v. ; nelze digi.  |w 000285127  |u 000010  |a 1  |e BOA001  |j MZK50  |s P